书目信息 |
| 题名: |
MATLAB在动态经济学中的应用
|
|
| 作者: | 王歆明 , 王翼 著 | |
| 分册: | ||
| 出版信息: | 北京 机械工业出版社 |
|
| 页数: | 218页 | |
| 开本: | 26cm | |
| 丛书名: | ||
| 单 册: | ||
| 中图分类: | F019.2-39 | |
| 科图分类: | ||
| 主题词: | 政治经济学--概论 | |
| 电子资源: | ||
| ISBN: | 7-111-18407-6 | |
| 000 | 00606nam0 2200193 450 | |
| 001 | 0762220314 | |
| 005 | 20071010171700.31 | |
| 010 | @a7-111-18407-6@d¥25.00 | |
| 100 | @a20071010d km y0chiy0120 ea | |
| 101 | 0 | @achi |
| 200 | 1 | @aMATLAB在动态经济学中的应用@AMATLAB zai dong tai jing ji xue zhong de ying yong@f王翼,王歆明著@Fwang yi,wang xin ming zhu |
| 210 | @a北京@c机械工业出版社 | |
| 215 | @a218页@d26cm | |
| 606 | 0 | @a政治经济学@x概论 |
| 690 | @aF019.2-39@v3 | |
| 701 | 0 | @a王歆明@Awang xin ming@4著 |
| 701 | 0 | @a王翼@Awang yi@4著 |
| 801 | 0 | @aCN@bPFT@c20071010 |
| 905 | @a213230@dF019.2-39@eS9@f1 | |
| MATLAB在动态经济学中的应用/王翼,王歆明著.-北京:机械工业出版社 |
| 218页;26cm |
| ISBN 7-111-18407-6:¥25.00 |
| ● |
| 相关链接 |
|
|
|
|
正题名:MATLAB在动态经济学中的应用
索取号:F019.2-39/S9
 
预约/预借
| 序号 | 登录号 | 条形码 | 馆藏地/架位号 | 状态 | 备注 |
| 1 | 6705334 | 267053341 | 密集书库-数信学院/ [索取号:F019.2-39/S9] | 在馆 |